Flavor of love: (Record no. 164255)

MARC details
000 -LEADER
fixed length control field 00598nam a2200181 4500
005 - DATE AND TIME OF LATEST TRANSACTION
control field 20190514165457.0
010 ## - LCCN (DPL NO)
LC control number ENG-125184
020 ## - INTERNATIONAL STANDARD BOOK NUMBER
International Standard Book Number 9788193422021
Terms of availability 395.00
035 ## - SYSTEM CONTROL NUMBER
System control number EN-108716
037 ## - SOURCE OF ACQUISITION
Source of stock number/acquisition DBAD/PUB
082 ## - DEWEY DECIMAL CLASSIFICATION NUMBER
Classification number 808.88
100 ## - MAIN ENTRY--PERSONAL NAME
Personal name Minhas, Kulwinder Kaur
245 ## - TITLE STATEMENT
Title Flavor of love:
Remainder of title God is love, Love is God/
Statement of responsibility, etc by Kulwinder Kaur Minhas
260 ## - PUBLICATION, DISTRIBUTION, ETC. (IMPRINT)
Place of publication, distribution, etc Ludhiana
Name of publisher, distributor, etc Lahore Books Shop
Date of publication, distribution, etc 2017
270 ## - ADDRESS
Address 2, Lajpat Rai Market, Near Society Cinema
City Ludhiana
Postal code 141008
Electronic mail address lahorebookshop40@rediffmail.com
300 ## - PHYSICAL DESCRIPTION
Extent 184p.
Dimensions 22cm(Hb)
942 ## - ADDED ENTRY ELEMENTS (KOHA)
Source of classification or shelving scheme Dewey Decimal Classification
Item type English Books
Classification part 808.88
Call number suffix KUL
Holdings
Withdrawn status Lost status Not for loan Collection code Home library Current library Date acquired Source of acquisition Cost, normal purchase price Full call number Barcode Copy number Cost, replacement price Koha item type
    Not For Loan Non-fiction D.B.Act.Division Central Library 14/05/2019 DBAD/PUB 395.00 808.88 KUL EN-108716 1 395.00 English Books

© Delhi Public Library
Hit Counter
free hit counter